000 00332 a2200157 4500
001 73075
020 _a8574810010
040 _cAnchieta - Colégio São Paulo
100 _aRota, Paulo Storace
240 1 0 _aHistória
_lpor
245 1 0 _aHistória
300 _a116
362 0 _a0
650 4 _aHistória do mundo
942 _cBK
999 _c73075
_d73075